Statistics for Subway Surfers World Tour Cities

Click here to take the quiz!

General Stats

  • This quiz has been taken 282 times
  • The average score is 13 of 21

Answer Stats

ContinentCity% Correct
North AmericaNew York City
84%
EuropeParis
83%
AsiaTokyo
81%
EuropeLondon
78%
OceaniaSydney
76%
AfricaCairo
73%
South AmericaRio de Janeiro
73%
AsiaBeijing
71%
North AmericaLos Angeles
69%
EuropeRome
66%
EuropeMoscow
59%
North AmericaMiami
57%
AsiaMumbai
55%
AsiaSeoul
51%
South AmericaSão Paulo
49%
North AmericaMexico City
47%
AsiaBangkok
46%
North AmericaVancouver
45%
North AmericaLas Vegas
38%
North AmericaNew Orleans
30%
EuropeVenice
25%

Score Distribution

Percentile by Number Answered

Percent of People with Each Score

Your Score History

You have not taken this quiz